Culture Générale - Série 1578 - Statistiques

Statistiques générales
  • Ce quiz a été pris 129 fois
  • Le résultat moyen est 6 sur 10
Statistiques - réponses
Question Réponse % Correct
En 1789, l'engagement des députés du tiers état, à donner une Constitution au royaume, s'est appelé le serment du Jeu de ... paume
96%
Dans le coin supérieur droit de certaines enveloppes pré-imprimées, quelle lettre majuscule signale un affranchissement prépayé ? T
90%
En 1977, quel moyen de transport est inauguré par Gaston Defferre, à Marseille ? métro
79%
En 1270, quel roi de France est mort devant Tunis, lors de la VIIIe croisade ? Louis IX
64%
Dans quel pays se trouve la ville de Constance, située sur le lac du même nom ? Allemagne
56%
Dans quelle ville de Californie Janis Joplin a-t-elle débuté sa carrière ? San Francisco
53%
Quelle nationalité associe-t-on au mot "canne" pour désigner une béquille ? anglaise
52%
Dans une série télévisée des années 1980, quelle comédienne incarnait l'assistante sociale Joëlle Mazart surnommée "Pause-Café" ? Véronique Jannot
41%
Par définition, que combat un médicament "antipyrétique" ? fièvre
36%
Quel skieur autrichien est surnommé "Herminator" ? Hermann Maier
21%
Aucun quiz correspondant
Distribution des résultats
% des personnes avec chaque résultat
Percentile par nombre de réponses
Votre historique - résultats
Vous n’avez pas pris ce quiz